| 000 | 00860nam a2200265 i 4500 | ||
|---|---|---|---|
| 001 | 177281 | ||
| 003 | ES-MaACL | ||
| 005 | 20230906220308.0 | ||
| 007 | t| | ||
| 008 | 110314s1970 fr abdf ||||1| fre d | ||
| 080 | _a911.3(520) | ||
| 100 | 1 |
_aDerruau, Max. _943800 |
|
| 245 | 1 | 3 |
_aLe Japon / _cpar Max Derruau. |
| 250 | _a[2e éd. mise à jour]. | ||
| 260 |
_aParis : _bPresses Universitaires de France, _c1970. |
||
| 300 |
_a278, [8] p. de lám. bl. y n. : _bil. bl. y n. ; _c19 cm. |
||
| 490 | 1 |
_aMagellan. La Géographie et ses problèmes ; _v26 |
|
| 500 | _aÍndices. | ||
| 504 | _aBibliografía: p. 271-276. | ||
| 546 | _aTexto en francés. | ||
| 651 | 4 |
_aJapón- _xGeografía humana. _9145616 |
|
| 830 | 0 |
_aMagellan. La Géographie et ses problèmes ; _v26 _9182333 |
|
| 852 |
_aES-MaACL _jE-14680 _xOlim P-507 |
||
| 999 |
_c177281 _d177281 |
||